Cristianismo y mundo romano: nuevos estudios
Guardat en:
| Autor principal: | |
|---|---|
| Format: | Llibre |
| Idioma: | espanyol |
| Publicat: |
Madrid
Marcial Pons
2009
|
| Col·lecció: | Premios Urcisino Alvarez, 1
|
| Matèries: | |
| Etiquetes: |
Afegir etiqueta
Sense etiquetes, Sigues el primer a etiquetar aquest registre!
|
MARC
| LEADER | 00000cam a2200000 a 4500 | ||
|---|---|---|---|
| 001 | UCF6404 | ||
| 003 | CL-VaPUC | ||
| 008 | 130425e20090000SP |||||||||||||||||spa|d | ||
| 020 | |a 9788497686440 | ||
| 082 | 0 | 4 | |a 340.54 |b CHU |2 21 |
| 100 | 0 | |a Churruca, Juan de |e author |9 568396 | |
| 245 | 1 | 0 | |a Cristianismo y mundo romano: nuevos estudios |
| 300 | |a 206 p | ||
| 942 | |c BK | ||
| 945 | |d 20130425 00:00:00 |a dcastane | ||
| 260 | |a Madrid |b Marcial Pons |c 2009 | ||
| 650 | 0 | |a Civilización romana |9 438909 | |
| 650 | 0 | |a Cristianismo |9 257361 | |
| 650 | 0 | |a Derecho romano |9 255930 | |
| 650 | 0 | |a Historia de la iglesia |9 257565 | |
| 583 | |a last modification |c 20130425 11:23:00 |k Rodrigo Vera | ||
| 490 | 0 | |a Premios Urcisino Alvarez, 1 | |
| 999 | |c 351620 |d 351618 | ||
| 952 | |0 0 |1 0 |4 0 |6 340_540000000000000_CHU_2009 |7 0 |8 DER_ROM |9 455813 |a BIBDER |b BIBDER |d 2019-11-22 |i 4966406 |l 1 |o 340.54 CHU 2009 |p 4966406 |r 2023-01-25 |s 2020-03-19 |w 2019-11-22 |x Ubicación 4to piso |y BK |z Este recurso debe solicitarse con anticipación |k DER | ||